000 00857nam a2200265Ia 4500
008 191130s1993##################000#0#eng##
020 _a9780521369831
022 _a82004490
040 _aACL
_cACL
082 _a301.01 RUN
100 _aRunciman, W. G
245 _aA treatise on social theory
_cW.G. Runciman
260 _aCambridge
_bCambridge Univeristy Press
_c1993
300 _a3 v. : ill. ; 24 cm
500 _aIncludes bibliographical references and index
650 _aEngland - Social conditions - 20th century
650 _aSocial sciences - Methodology
650 _aSocial sciences - Philosophy
650 _aSocial structure - England - History - 20th century
650 _aSociology - Methodology
650 _aSociology - Philosophy
990 _ae7dd9119ac10000c31e0a081c7dac1a9
991 _a247549
999 _c242359
_d242359